01138nam a2200229Ia 4500003000900000008004100009020002200050040001600072080002300088111011300111245030500224260003100529300002300560650003200583650003900615650003100654700002800685700003000713942000700743999001700750952014100767IN-BaIIA211028s9999 xx 000 0 eng d a978-3-642-02858-8 cIIA Library a523.92(082.1)bMAG aConference "Centenary Commemoration of the Discovery of the Evershed EffectcBangalored2008 Dec. 2-5933490 0aMagnetic coupling between the interior and atmosphere of the Sunbproceedings of the Conference "Centenary commemoration of the discovery of the Evershed Effect" held in , Indian Institute of Astrophysics, Bangalore, India Dec, 2-5, 2008cedited by S. S. Hasan and R. J. Rutten  aHeidelbergbSpringerc2010 a[various pagings.] aQuiet Sun-Congresses933491 aSolar atmosphere-Congresses932880 aSunspots-Congresses931874 aHasan, S.S., ed.932295 aRutten, R. J., ed.931877 cBK c17677d17677 00104070aBANbBANcGENd2010-04-13eBBH g3075.00l0o523.92(082.1)/ MAGp18599r2021-11-05v3075.00w2010-04-13yBKGRs. 3075.00